| 000 | 00360nam a2200145 a 4500 | ||
|---|---|---|---|
| 001 | 5427 | ||
| 003 | CDMR | ||
| 005 | 20130320111203.0 | ||
| 008 | 130130s1995||||||||||||||||||||||||||||d | ||
| 040 |
_aCDMR _bcat _cCPC GIRONA |
||
| 110 | 1 |
_91047 _aGirona _b -- Ajuntament |
|
| 245 | 0 | _aPla de ciutat de Girona | |
| 260 |
_c1995 _bAjuntament de Girona |
||
| 942 |
_cMON _2ddc |
||
| 999 |
_c5427 _d5427 |
||